Welcome to the Holygrace Academy Library

Please use search bar below to get started

FUN FACT SCIENCE (Record no. 6100)

MARC details
000 -LEADER
fixed length control field 00325nam a22001457a 4500
020 ## - INTERNATIONAL STANDARD BOOK NUMBER
ISBN 978-81-291-2923-2
082 ## - DEWEY DECIMAL CLASSIFICATION NUMBER
Classification number 001
Item number OBR/F
100 ## - MAIN ENTRY--AUTHOR NAME
Personal name O'BRIEN, TERRY
245 ## - TITLE STATEMENT
Title FUN FACT SCIENCE
260 ## - PUBLICATION, DISTRIBUTION, ETC. (IMPRINT)
Place of publication DELHI
Name of publisher RUPA PUBLICATIONS
300 ## - PHYSICAL DESCRIPTION
Number of Pages 132
520 ## - SUMMARY, ETC.
Summary, etc SCIENCE FACTS
650 ## - SUBJECT ADDED ENTRY--TOPICAL TERM
Topical Term SCIENCE FACTS
Geographic subdivision DELHI
942 ## - ADDED ENTRY ELEMENTS (KOHA)
Koha item type Books
Holdings
Withdrawn status Lost status Collection code Home library Current library Shelving location Date acquired Source of acquisition Cost, normal purchase price Full call number Accession Number Koha item type
    G.K Main Library Main Library   06/10/2015 PURCHASE 140.00 001 OBR/F 03769 Books